The day of the locust /

Bibliographic Details
Main Author: West, Nathanael, 1903-1940
Format: Book
Language:English
Published: New York : Time Inc., [1965]
Series:Time reading program special edition.

MARC

Tag First Indicator Second Indicator Subfields
LEADER 00000cam a2200000 4500
001 in00000009906
005 20151007051601.0
008 740729s1965 nyuc 00011 eng d
035 |a (OCoLC)00966422 
035 |9 AAA3740AM 
040 |a MAL  |c MAL  |d OCL  |d UPM  |d m.c.  |d TXA  |d UtOrBLW 
049 |a TXAM  |c [A12604671] 
050 4 |a PS3545.E8334  |b D3 1965 
100 1 |a West, Nathanael,  |d 1903-1940. 
245 1 4 |a The day of the locust /  |c With a new introduction by Budd Schulberg. 
264 1 |a New York :  |b Time Inc.,  |c [1965] 
264 4 |c ©1965 
300 |a xxiii, 167 pages :  |b portrait ;  |c 21 cm. 
336 |a text  |b txt  |2 rdacontent 
337 |a unmediated  |b n  |2 rdamedia 
338 |a volume  |b nc  |2 rdacarrier 
490 1 |a Time reading program special edition 
830 0 |a Time reading program special edition. 
999 |a MARS 
999 f f |s 5d84e210-ee84-3585-a394-7ac2625164d1  |i 3b56b4c7-1876-3470-abaf-b45c79dddcdc  |t 0 
952 f f |p normal  |a Texas A&M University  |b College Station  |c Sterling C. Evans Library  |d Evans: Library Stacks  |t 0  |e PS3545.E8334 D3 1965  |h Library of Congress classification  |i unmediated -- volume  |m A14812604671 
952 f f |p normal  |a Texas A&M University  |b College Station  |c Sterling C. Evans Library  |d Evans: Library Stacks  |t 0  |e PS3545.E8334 D3 1965  |h Library of Congress classification  |i unmediated -- volume  |m A14827683185 
998 f f |a PS3545.E8334 D3 1965  |t 0  |l Evans: Library Stacks 
998 f f |a PS3545.E8334 D3 1965  |t 0  |l Evans: Library Stacks